000 00953nam0a22002891 4500
001 v19\rc\2040155
005 20260406110443.0
035 _a(NLR Aleph) 005274299
090 _a6032307
_c6032307
100 _a20080925d1917 |||y0rusy50 ca
101 0 _arus
102 _aRU
105 _ay b |||||
200 1 _aПровокаторы и подстрекатели
_fЕ.А. Звягинцев
210 _aМосква
_cЗадруга
_d1917
215 _a30 с.
_d24
532 1 3 _aПровокаторы и подстрекатели
700 1 _8rus
_7ca
_aЗвягинцев
_bЕ. А.
_f1869-1945
_gЕвгений Алексеевич
_3RU\NLR\AUTH\77109410
_992335
801 0 _aRU
_bNLR
_c20080925
_gpsbo
801 0 _aRU
_bRuMoRGB
_c20080925
_2psbo
801 1 _aRU
_bProSoft-M
_c20080925
_2rusmarc
801 2 _aRU
_bNLR
_c20120328
_2rusmarc
852 _aNLR
_j37.60.5.301
852 _aNLR
_j131/2040
942 _cBOOK
980 _aNB